| 000 | 01030cam a22003134a 4500 | ||
|---|---|---|---|
| 999 |
_c1663 _d1663 |
||
| 001 | 12731271 | ||
| 003 | OSt | ||
| 005 | 20210629100123.0 | ||
| 008 | 020405s2003 nyua 001 0 eng | ||
| 010 | _a 2002066261 | ||
| 020 | _a0130662712 | ||
| 040 |
_aDLC _cDLC _dDLC |
||
| 042 | _apcc | ||
| 050 | 0 | 0 |
_aQR41.2 _b.B77 2003 |
| 082 | 0 | 0 |
_a579 _221 |
| 100 | 1 |
_aMadigan, Michael T., _d1949- |
|
| 245 | 1 | 0 |
_aBrock biology of microorganisms / _cMichael T. Madigan, John M. Martinko, Jack Parker. |
| 246 | 3 | 0 | _abiology of microorganisms |
| 250 | _a10th ed. | ||
| 260 |
_aUpper Saddle River, NJ : _bPrentice Hall/Pearson Education, _cc2003. |
||
| 300 |
_a1 v. (various pagings) : _bill. (some col.) ; _c29 cm. |
||
| 500 | _aIncludes index. | ||
| 650 | 0 | _aMicrobiology. | |
| 700 | 1 | _aMartinko, John M. | |
| 700 | 1 |
_aParker, Jack, _d1945- |
|
| 906 |
_a7 _bcbc _corignew _d1 _eocip _f20 _gy-gencatlg |
||
| 942 |
_2lcc _cBK _nSO |
||